LEADER 00689nam0-22002531i-450- 001 990001219850403321 035 $a000121985 035 $aFED01000121985 035 $a(Aleph)000121985FED01 035 $a000121985 100 $a20000920d1----km-y0itay50------ba 101 0 $aeng 200 1 $aComplex analytic geometry$fby Fischer G. 210 $aBerlin [etc.]$cSpringer-Verlag$d1 225 1 $aLecture Notes in Mathematics$v538 700 1$aFischer,$bGerd$056739 801 0$aIT$bUNINA$gRICA$2UNIMARC 901 $aBK 912 $a990001219850403321 952 $aC-20-(538$b18374$fMA1 959 $aMA1 996 $aComplex analytic geometry$980902 997 $aUNINA DB $aING01 LEADER 01006nam 2200373 450 001 9910251428803321 005 20221007135952.0 010 $a953-51-4791-9 010 $a953-51-3212-1 035 $a(CKB)4100000001586742 035 $a(NjHacI)994100000001586742 035 $a(EXLCZ)994100000001586742 100 $a20221007d2017 uy 0 101 0 $aeng 135 $aur||||||||||| 181 $ctxt$2rdacontent 182 $cc$2rdamedia 183 $acr$2rdacarrier 200 00$aCarotenoids /$fedited by Dragan Cvetkovic, Goran Nikolic 210 1$aRijeka, Croatia :$cIntechOpen,$d[2017] 210 4$dİ2017 215 $a1 online resource (232 pages) 311 $a953-51-3211-3 606 $aCarotenoids 615 0$aCarotenoids. 676 $a612.01528 702 $aCvetkovic?$b Dragan 702 $aNikolic?$b Goran$f1974- 801 0$bNjHacI 801 1$bNjHacl 906 $aBOOK 912 $a9910251428803321 996 $aCarotenoids$983635 997 $aUNINA